| 000 | 01741nam a2200337 i 4500 | ||
|---|---|---|---|
| 001 | 991061720877706706 | ||
| 003 | ES-BaIT | ||
| 005 | 20260225090835.0 | ||
| 008 | 260225e202405 fr a r 000 d fre c | ||
| 020 | _a9782749816425 | ||
| 040 |
_aES-BaIT _bcat _erda _cES-BaIT |
||
| 080 | _a840-2"19" | ||
| 100 | 1 |
_aSolès, Benoit _eautor _9168683 |
|
| 245 | 1 | 3 |
_aLe Secret des secrets : _bbasé sur les recherches académiques du Dr. Megan Piorko / _cBenoit Solès |
| 264 | 1 |
_aParis : _bL'avant-scène théatre, _cmai 2024 |
|
| 300 |
_a60 pàgines : _bi·llustracions ; _c21 cm |
||
| 336 |
_atext _btxt _2rdacontent |
||
| 337 |
_asense mediació _bn _2rdamedia |
||
| 338 |
_avolum _bnc _2rdacarrier |
||
| 490 | 1 |
_aL'Avant-Scène théâtre ; _vno 1559 |
|
| 500 | _aP8: D4, H4 en P4: D2, H2 | ||
| 500 | _aPublicat com no 1559 (mai 2024) de la revista L'Avant-scène théâtre | ||
| 500 | _aEstrena Festival de Terre- Neuve, el 14 de juny en 2024 | ||
| 520 | _a"Jason Gray, fils du conservateur de la prestigiouse British Library, vient d'enterrer son père, érudit ayant passé sa vie à étudier les manuscrits des alchemistes. Mais qui est Megan, étudiante en histoire qui travaillant sous les ordres du défunt, et qui va lui remettre une mystérieuse enveloppe? Accompagné par Susan, son amie archiviste, et Billy, jeune comédien paraplégique, Jason se lance dans une enquête autour de grimoires anciens, à travers les siècles, de Londres à Moscou. Une épopée haletante"-- Contracoberta | ||
| 650 | 0 |
_aBiblioteques i erudits _vTextos dramàtics _9168684 |
|
| 650 | 0 |
_aGrimoris _vTextos dramàtics _9168685 |
|
| 830 |
_aAvant-scène. _pThéâtre _vno 1559 _9168170 |
||
| 908 | _aCDMAE | ||
| 940 | _aCDMAE | ||
| 942 |
_2udc _c1 |
||
| 999 |
_c137132 _d137132 |
||